000 00609nam a2200241 i 4500
001 C2-0255683
003 PPAK
005 20180727223318.0
008 040615s2004 nyu |||| ||||| | eng d
020 _a0446692581
040 _aPPAK
_beng
_cPPAK
_erda
082 0 4 _a823
_223
090 0 0 _a823
_bPAT
_dG
100 1 _aPatterson, James,
_eauthor
245 1 0 _a3rd degree
264 1 _aNew York :
_bWarner Books ,
_c2004
300 _a341 pages ;
_c23 cm
336 _2rdacontent
_atext
337 _2rdamedia
_aunmediated
338 _2rdacarrier
_avolume
650 1 0 _aEnglish fiction
942 _ddc
_cB
999 _c68036
_d68036